BEHIND THE SCENES AT THE WTO (Record no. 25233)

MARC details
000 -LEADER
fixed length control field 00342nam a22001337a 4500
003 - CONTROL NUMBER IDENTIFIER
control field SGT
020 ## - INTERNATIONAL STANDARD BOOK NUMBER
International Standard Book Number 9781842771136
082 ## - DEWEY DECIMAL CLASSIFICATION NUMBER
Classification number 382
Item number JAW
100 ## - MAIN ENTRY--PERSONAL NAME
Personal name JAWARA FATOUMATA
245 ## - TITLE STATEMENT
Title BEHIND THE SCENES AT THE WTO
Remainder of title THE REAL WORLD OF INTERNATIONAL TRADE NEGOTIATIONS
260 ## - PUBLICATION, DISTRIBUTION, ETC. (IMPRINT)
Place of publication, distribution, etc LONDON
Name of publisher, distributor, etc ZED BOOKS
Year of Publication 2003
300 ## - PAGE DESCRIPTION
No. of Pages 318
942 ## - ADDED ENTRY ELEMENTS (KOHA)
Source of classification or shelving scheme Dewey Decimal Classification
Koha item type Books
Holdings
Withdrawn status Lost status Source of classification or shelving scheme Damaged status Not for loan Collection code Home library Current library Shelving location Date acquired SGTU Total Checkouts Full call number Accession No. (Barcode) Date last seen Bill Date Koha item type
    Dewey Decimal Classification     LAW SGT Science & Social Sciences Library SGT Science & Social Sciences Library Text Book 06/11/2023 SGTU   382 JAW FL3164 06/11/2023 06/11/2023 Books